000 00469nam a2200169 i 4500
001 123239
003 ES-MaACL
005 20230906192133.0
007 t|
008 070214s1920 fr r ||||0| fre d
100 1 _aPuaux, René.
_994107
245 1 0 _aConstantinople et la Question d'Orient /
_cRené Puaux.
260 _aParis :
_b[s. n.],
_c1920.
300 _a35 p ;
_c25 cm.
650 4 _aCuestión de Oriente (Balcanes)
_9141179
852 _aES-MaACL
_j1584-F-5
999 _c123239
_d123239